Biggest draft mistakes- Charlotte Hornets edition - Statistics

General Stats
  • This quiz has been taken 8 times
  • The average score is 4 of 10
Answer Stats
Hint Answer % Correct
This player was drafted and traded on the same night for Vlade Divac, he would later go onto become a Hall of famer and one of the best basketball players of all time Kobe Bryant
86%
In true Hornets fashion they would pick and trade this man on draft night to the LA Clippers he would later become a superstar after being traded again for Paul George in 2019 Shai Gilgeous-Alexander
86%
With the 4th overall pick in 2013 the Hornets selected this center who was solid for several years over Giannis Antetokounmpo Cody Zeller
57%
In a draft that was considered to be one the most rigged drafts ever the Hornets selected him with the 2nd overall pick over both Damian Lillard and Bradley Beal Michael Kidd-Gilchrist
57%
This player was a Gonzaga beast and was drafted in the top 5 to the bobcats in 2006 he would later go onto average 2.4 points in the 2009-2010 season cementing himself as one of the biggest busts of all time Adam Morrison
29%
In 2015 the Hornets chose this big man out of Wisconsin instead of Devin Booker who went a few picks later Frank Kaminsky
29%
In 2022, this center was drafted 2 picks before Mark Williams and was later traded to Detroit that night, this guy has since become a great player for the pistons Jalen Duren
29%
The Hornets chose this Guard out of Kentucky in 2017 who is no longer with the team instead of Donovan Mitchell who's a certified superstar right now Malik Monk
29%
In 2021, This UConn guard was selected with the 11th overall pick and is now flipping burgers at McDonald's James Bouknight
14%
In 2014, This Indiana player was selected over both Zach Lavine and Nikola Jokic Noah Vonleh
14%
No matching quizzes found
Score Distribution
Percent of People with Each Score
Percentile by Number Answered
Your Score History
You have not taken this quiz